000
00307nam a2200121Ia 4500
005
20251222143114.0
008
251222s9999||||xx |||||||||||||| ||spa||
082
_a
249.77/J55
100
_a
Jiménez Urresti, Teodoro I.
245
0
_a
El presbĂtero en los padres conciliares:
264
_b
PPC
942
_c
LIB
999
_c
11282
_d
11282